000 00484nam a2200181Ia 4500
005 20250508150540.0
008 008 250505s9999 xx 000 0 hin d
037 _aTextual
040 _aFEDL
_beng
_cFEDL
041 _ahin
_2hin
084 _aFH, MUN
_qFEDL
100 _aKanhiyalal Maniklal Munshi
_9756986
245 0 _aBhagwan Parshuram
260 _aDelhi, India
_bRajkamal Prakashan
300 _a431p.
942 _cTEXL
_hFH, MUN
999 _c1324195
_d1324195